00478cam a2200181 a 4500001000800000005001700008008004100025010001700066020002800083040001800111041000800129080002000137082002400157100000600181101000800187245003700195504006400232260018720180308033028.0971031s1998 nju b 001 0 eng  a 97045761  a0813525241 (alk. paper) aDLCcDLCdDLC aeng a616.858369 jan00a616.858369 jan2211 a9 aana10aPillar of salt :cJanice Haaken. aIncludes bibliographical references (p. 303-316) and index.